000 01017nam a2200253 a 4500
001 000014849
005 20250527113225.0
008 100123s1986 ag 000 0 spa d
020 _a9500703416
040 _aDO-SdBNP
_bspa
_cBNPHU
041 1 7 _aspa
_heng
_2Código de idioma MARC
082 _a338.06
_bD794i
100 1 _aDrucker, Peter F.
_q(Peter Ferdinand)
_d1909-2005
_933647
240 1 0 _aInnnvation and entrepreneurship: practice and principles,
_lEspañol.
245 1 3 _aLa innovación y el empresariado innovador :
_bla práctica y los principios /
_cPeter F. Drucker ; traducción de Maricel Ford.
260 _aBuenos Aires :
_bSudamericana,
_c1986.
300 _a307, [4] p. ;
_c20 cm.
534 _pTítulo original en inglés:
_tInnnvation and entrepreneurship: practice and principles
_c1985
650 4 _aProducción industrial
_933648
650 4 _aAdministración de la producción
_927605
650 0 _aAdministración industrial
_95872
700 1 _aFord, Maricel,
_etr.
_933649
049 _aBNGR
999 _c14429
_d14429